| 000 | 00568nam a2200241Ia 4500 | ||
|---|---|---|---|
| 005 | 20250425161601.0 | ||
| 008 | 250425s9999 xx 000 0 und d | ||
| 041 | _aeng | ||
| 082 | _a553 | ||
| 100 | _aPARSONS, A. B. | ||
| 245 | 0 | _aSEVENTY-FIVE YEARS OF PROGRESS IN THE MINERAL INDUSTRY | |
| 250 | _aS.E. | ||
| 260 |
_aEstados Unidos _bS.E. _c1948 |
||
| 260 | _aNEW YORK | ||
| 300 | _a817 | ||
| 650 | _aGEOLOGIA | ||
| 650 | _aMETALES NO FERROSOS | ||
| 650 | _aMINERALES | ||
| 650 | _aPETROLEO | ||
| 650 | _aRECURSOS | ||
| 942 | _c01 | ||
| 010 | _a23483 | ||
| 999 |
_c212027 _d212027 |
||